Studies in Muslim Political thought and administration (Record no. 1239)
[ view plain ]
| 000 -LEADER | |
|---|---|
| fixed length control field | 008170000a22002050004500 |
| 003 - CONTROL NUMBER IDENTIFIER | |
| control field | LK-CoMWRAF |
| 005 - DATE AND TIME OF LATEST TRANSACTION | |
| control field | 20231010154540.0 |
| 008 - FIXED-LENGTH DATA ELEMENTS--GENERAL INFORMATION | |
| fixed length control field | 230817t1970 ||||| |||| 00| 0 eng d |
| 040 ## - CATALOGING SOURCE | |
| Original cataloging agency | LK-CoMWRAF |
| Modifying agency | LK-CoMWRAF |
| Description conventions | LK-CoMWRAF |
| 041 ## - LANGUAGE CODE | |
| Language code of text/sound track or separate title | English |
| 082 ## - DEWEY DECIMAL CLASSIFICATION NUMBER | |
| Classification number | 320.5 |
| Item number | SHE |
| 942 ## - ADDED ENTRY ELEMENTS (KOHA) | |
| Koha item type | Books |
| 100 ## - MAIN ENTRY--PERSONAL NAME | |
| Personal name | Sherwani, Haroon Khan |
| 245 ## - TITLE STATEMENT | |
| Title | Studies in Muslim Political thought and administration |
| 260 ## - PUBLICATION, DISTRIBUTION, ETC. (IMPRINT) | |
| Place of publication, distribution, etc. | Lahore: |
| Name of publisher, distributor, etc. | Muhammad Ashraf, |
| Date of publication, distribution, etc. | 1970 |
| 300 ## - PHYSICAL DESCRIPTION | |
| Extent | viii, 294 p. ; 23 cm. |
| 856 ## - ELECTRONIC LOCATION AND ACCESS | |
| Uniform Resource Identifier | <a href="https://ia904605.us.archive.org/28/items/political-thought-from-plato-to-the-present-m.-judd-harmon-urdukutabkhanapk.blogspot/Studies%20in%20Muslim%20Political%20Thought%20and%20Administration%20by%20Haroon%20Khan%20Sherwani%20_%28urdukutabkhanapk.blogspot%29.pdf">https://ia904605.us.archive.org/28/items/political-thought-from-plato-to-the-present-m.-judd-harmon-urdukutabkhanapk.blogspot/Studies%20in%20Muslim%20Political%20Thought%20and%20Administration%20by%20Haroon%20Khan%20Sherwani%20_%28urdukutabkhanapk.blogspot%29.pdf</a> |
| 650 ## - SUBJECT ADDED ENTRY--TOPICAL TERM | |
| Topical term or geographic name as entry element | ISLAM AND STATE |
| 650 ## - SUBJECT ADDED ENTRY--TOPICAL TERM | |
| Topical term or geographic name as entry element | Islam and politics |
| Withdrawn status | Lost status | Damaged status | Not for loan | Permanent Location | Current Location | Date acquired | Full call number | Barcode | Koha item type |
|---|---|---|---|---|---|---|---|---|---|
| Resource center, Muslim Women's Research And Action Forum | Resource center, Muslim Women's Research And Action Forum | 2023-08-17 | 320.5 SHE | RAF1175 | Books |

